<?xml version="1.0" encoding="UTF-8"?>
<collection xmlns="http://www.loc.gov/MARC21/slim">
 <record>
  <leader>01285nam a2200217Ia 4500</leader>
  <controlfield tag="001">TDMU_28190</controlfield>
  <controlfield tag="008">210410s9999    xx            000 0 und d</controlfield>
  <datafield tag="082" ind1=" " ind2=" ">
   <subfield code="a">690.72</subfield>
  </datafield>
  <datafield tag="090" ind1=" " ind2=" ">
   <subfield code="b">TR121</subfield>
  </datafield>
  <datafield tag="100" ind1=" " ind2=" ">
   <subfield code="a">Trần, Hoàng</subfield>
  </datafield>
  <datafield tag="245" ind1=" " ind2="0">
   <subfield code="a">Văn hóa - Văn học dân gian xứ Huế</subfield>
  </datafield>
  <datafield tag="245" ind1=" " ind2="0">
   <subfield code="c">Trần Hoàng (g.chép, luận giải)</subfield>
  </datafield>
  <datafield tag="260" ind1=" " ind2=" ">
   <subfield code="a">H.</subfield>
  </datafield>
  <datafield tag="260" ind1=" " ind2=" ">
   <subfield code="b">Văn hóa dân tộc</subfield>
  </datafield>
  <datafield tag="260" ind1=" " ind2=" ">
   <subfield code="c">2016</subfield>
  </datafield>
  <datafield tag="300" ind1=" " ind2=" ">
   <subfield code="a">351 tr.</subfield>
  </datafield>
  <datafield tag="520" ind1=" " ind2=" ">
   <subfield code="a">Tập hợp các bài viết về văn hóa - văn học dân gian xứ Huế: Tín ngưỡng dân gian, tín ngưỡng thờ cúng tổ tiên, tết ở các làng quê, lễ hội, ca Huế, hò Huế, gia tộc, giá trị văn hoá các làng nghề, giá trị của văn hóa Huế, văn học dân gian, dấu ấn lịch sử.... </subfield>
  </datafield>
  <datafield tag="650" ind1=" " ind2=" ">
   <subfield code="a">Văn hóa dân gian</subfield>
   <subfield code="z">Thừa Thiên Huế (Việt Nam); Văn học dân gian</subfield>
   <subfield code="z">Thừa Thiên Huế (Việt Nam); Thừa Thiên Huế (Việt Nam)</subfield>
   <subfield code="x">Văn hóa</subfield>
   <subfield code="x">Văn học</subfield>
  </datafield>
  <datafield tag="700" ind1=" " ind2=" ">
   <subfield code="a">Hội Văn nghệ dân gian Việt Nam</subfield>
  </datafield>
  <datafield tag="856" ind1=" " ind2=" ">
   <subfield code="u">http://lrc.tdmu.edu.vn/opac/search/detail.asp?aID=2&amp;ID=28190</subfield>
  </datafield>
  <datafield tag="980" ind1=" " ind2=" ">
   <subfield code="a">Trung tâm Học liệu Trường Đại học Thủ Dầu Một</subfield>
  </datafield>
 </record>
</collection>
